000 00625nam a2200229Ia 4500
003 OSt
005 20220927104822.0
006 a|||||r|||| 00| 0
007 ta
008 220926b |||||||| |||| 00| 0 eng d
024 _a151844
037 _cReference Collections
040 _aRTL
_cRTL
_beng
041 _2eng
_aeng
082 _a"Y:5.1s, N8/UN"
110 _a"UN, Economic and Social Affairs (D/o-)"
245 0 _aWorld Population Monitoring
260 _c1998
700 _a"UN, Economic and Social Affairs (D/o-)"
942 _h"Y:5.1s, N8/UN"
_cCC
999 _c688816
_d688816